| 000 | 01089cam a22003255i 4500 | ||
|---|---|---|---|
| 999 |
_c28530 _d28501 |
||
| 001 | 016062459 | ||
| 003 | EG-ScBUE | ||
| 005 | 20200720155457.0 | ||
| 008 | 120402t20192019nyua f b 001 0 eng d | ||
| 020 | _a9781260085280 | ||
| 020 | _a1260085287 | ||
| 040 |
_aStDuBDS _beng _erda _cStDuBDS _dUk _dEG-ScBUE |
||
| 082 | 0 | 4 |
_a302 _bMYE _222 |
| 100 | 1 |
_aMyers, David G. _eauthor. |
|
| 245 | 1 | 0 |
_aSocial psychology / _cDavid G. Myers, Hope College, Jean M. Twenge, San Diego State University. |
| 250 | _aThirteen edition. | ||
| 250 | _aInternational student edition. | ||
| 264 | 1 |
_aNew York : _bMc-Graw Hill Education, _c[2019] |
|
| 264 | 4 | _cc2019 | |
| 300 |
_a1 volume (various pagings) : _billustrations (chiefly col.) ; _c28 cm |
||
| 336 |
_atext _btxt _2rdacontent |
||
| 337 |
_aunmediated _bn _2rdamedia |
||
| 338 |
_avolume _bnc _2rdacarrier |
||
| 504 | _aIncludes bibliographical references and index. | ||
| 650 | 7 |
_aSocial psychology. _2BUEsh |
|
| 653 |
_bHHUUPPSS _cJuly2020 |
||
| 655 |
_vReading book _934232 |
||
| 700 | 1 |
_aTwenge, Jean M., _d1971- _eauthor. |
|
| 942 |
_2ddc _cBB |
||